| 000 | 00611nam a22001937a 4500 | ||
|---|---|---|---|
| 999 |
_c169899 _d169899 |
||
| 005 | 20191206174105.0 | ||
| 010 | _aA-278046 | ||
| 020 |
_c20.00 _a- |
||
| 035 | _aA-278046 | ||
| 037 | _bBPPD | ||
| 082 | _a270 | ||
| 100 | _aسلطا ن ا حمد ا صلا حی | ||
| 245 |
_aا سلا م کا تصو ر مسا و ا ت _cسلطا ن ا حمد ا صلا حی |
||
| 246 |
_aIslam Ka Tasavur-e-Musawat _bby Sultan Ahmed Islahi |
||
| 260 |
_aDelhi _c1985 ء _bMaktaba-e-Islami |
||
| 270 |
_aDelhi _bDelhi _k- _e110006 |
||
| 300 |
_a244 ص _c22 cm(hb) |
||
| 942 |
_2ddc _cUR _h270 _mس ل ط |
||